|
|
|
|
| LEADER |
01219nam a2200277 a 4500 |
| 001 |
2189220 |
| 008 |
100616s1973 ilua b 000 0aeng d |
| 010 |
|
|
|a \\\72095021
|
| 020 |
|
|
|a 0802417450
|
| 020 |
|
|
|a 0802417566
|
| 040 |
|
|
|a DLC
|c DLC
|d DLC
|d BD-DhAAL
|
| 082 |
0 |
0 |
|a 954.9/205
|2 18
|
| 100 |
1 |
|
|a Olsen, Viggo.
|
| 245 |
1 |
0 |
|a Daktar diplomat in Bangladesh /
|c by Viggo B. Olsen with Jeanette Lockerbie.
|
| 260 |
|
|
|a Chicago :
|b Moody Press,
|c 1973.
|
| 300 |
|
|
|a 409 p. :
|b illus. ;
|c 23 cm.
|
| 504 |
|
|
|a Includes bibliographical references.
|
| 541 |
1 |
|
|e 00005111
|
| 651 |
|
0 |
|a Bangladesh
|x History
|y Revolution, 1971
|x Medical care.
|
| 651 |
|
0 |
|a Bangladesh
|x History
|y Revolution, 1971
|x Personal narratives.
|
| 600 |
1 |
0 |
|a Olsen, Viggo.
|
| 700 |
1 |
|
|a Lockerbie, Jeanette W.,
|e joint author.
|
| 852 |
4 |
|
|a Ayesha Abed Library
|j General Shelf
|
| 999 |
|
|
|c 8963
|d 8963
|
| 952 |
|
|
|0 0
|1 0
|2 ddc
|4 0
|6 954_920500000000000_OLS_1973
|7 0
|9 11028
|a BRACUL
|b BRACUL
|c GEN
|d 2010-06-16
|g 0.00
|l 0
|o 954.9205 OLS
|p 3010005111
|r 2010-06-16
|t 1
|w 2010-06-16
|y BK
|z Not price in Register
|
| 952 |
|
|
|0 0
|1 0
|2 ddc
|4 0
|6 954_900000000000000_205_OLS
|7 0
|9 56813
|a SCL
|b SCL
|c GEN
|d 2015-11-14
|e Gift:
|l 1
|m 10
|o 954.9205 OLS
|p 3020007798
|r 2018-12-06
|s 2018-09-23
|t 2
|w 2015-11-14
|y BK
|